000 00413nam a22001577a 4500
999 _c17701
_d17701
008 190525b xxu||||| |||| 00| 0 eng d
020 _a8131788950
040 _aKABU
_cKABU
050 _aTP505
_b.B43 2013 c. 1
100 _aBhat, Kartik
245 _aBeverages
_cKartik Bhat
260 _aIndia
_bDorling Kindersley
_c2013
300 _a[xviii], 414 p.
650 _aBeverages
942 _2lcc
_cBK
_hTP505